<?xml version="1.0" encoding="UTF-8"?>
<record
    xmlns:xsi="http://www.w3.org/2001/XMLSchema-instance"
    xsi:schemaLocation="http://www.loc.gov/MARC21/slim http://www.loc.gov/standards/marcxml/schema/MARC21slim.xsd"
    xmlns="http://www.loc.gov/MARC21/slim">

  <leader>00383    a2200157   4500</leader>
  <controlfield tag="005">20250628081005.0</controlfield>
  <datafield tag="020" ind1=" " ind2=" ">
    <subfield code="a">0-13-185471-2</subfield>
  </datafield>
  <datafield tag="082" ind1=" " ind2=" ">
    <subfield code="a">658 MCN</subfield>
  </datafield>
  <datafield tag="100" ind1=" " ind2=" ">
    <subfield code="a">MCNURLIN, B</subfield>
  </datafield>
  <datafield tag="245" ind1=" " ind2=" ">
    <subfield code="a">Information Systems Management in Practice</subfield>
  </datafield>
  <datafield tag="250" ind1=" " ind2=" ">
    <subfield code="a">7th Ed.</subfield>
  </datafield>
  <datafield tag="260" ind1=" " ind2=" ">
    <subfield code="a">New York,</subfield>
    <subfield code="b">Prentice,</subfield>
  </datafield>
  <datafield tag="300" ind1=" " ind2=" ">
    <subfield code="a">623p,</subfield>
    <subfield code="b">Glossary &amp; Index</subfield>
    <subfield code="c">23cm</subfield>
  </datafield>
  <datafield tag="700" ind1=" " ind2=" ">
    <subfield code="a">SPRAGUE, R.</subfield>
  </datafield>
  <datafield tag="942" ind1=" " ind2=" ">
    <subfield code="2">ddc</subfield>
    <subfield code="c">BKS</subfield>
  </datafield>
  <datafield tag="999" ind1=" " ind2=" ">
    <subfield code="c">5868</subfield>
    <subfield code="d">5868</subfield>
  </datafield>
  <datafield tag="952" ind1=" " ind2=" ">
    <subfield code="r">2025-06-28 08:11:05</subfield>
    <subfield code="l">0</subfield>
    <subfield code="o">658 MCN</subfield>
    <subfield code="p">DOM0002197</subfield>
    <subfield code="v">150000.00</subfield>
    <subfield code="w">2025-06-28</subfield>
    <subfield code="y">BKS</subfield>
    <subfield code="1">0</subfield>
    <subfield code="2">ddc</subfield>
    <subfield code="4">0</subfield>
    <subfield code="7">0</subfield>
    <subfield code="0">0</subfield>
    <subfield code="a">004</subfield>
    <subfield code="b">004</subfield>
    <subfield code="c">GEN</subfield>
    <subfield code="d">2011-06-02</subfield>
    <subfield code="g">50000.00</subfield>
  </datafield>
</record>
